It looks like you're offline.
Open Library logo
additional options menu

MARC Record from Scriblio

Record ID marc_records_scriblio_net/part07.dat:148334353:726
Source Scriblio
Download Link /show-records/marc_records_scriblio_net/part07.dat:148334353:726?format=raw

LEADER: 00726cam 2200241 4500
001 73174528
003 DLC
005 20050914104444.0
008 731025s1973 enka d 000 0 eng
010 $a 73174528
015 $aGB73-16713
020 $a0408000902
040 $aDLC$cDLC$dDLC
050 00 $aGB655$b.N35
082 00 $a627/.03
100 1 $aNelson, A.$q(Archibald),$d1893-
245 10 $aDictionary of water and water engineering$c[by] A. Nelson and K. D. Nelson.
260 $aLondon,$bButterworths,$c1973.
300 $avi, 271 p.$billus.$c23 cm.
350 $a£3.60
650 0 $aWater$xDictionaries.
650 0 $aHydraulic engineering$xDictionaries.
700 1 $aNelson, K. D.$q(Kenneth Davies),$d1921-$ejoint author.